Vehicle ID Codes: Oceania Quiz Stats

 Plays Quiz not verified by Sporcle

Score 0/15 Timer 02:00
2 Plays Today
Hint Answer % Correct
Fiji
96.9%
New Zealand
96.7%
Australia
96.4%
Tuvalu
91.6%
Vanuatu
89.7%
Kiribati
89.7%
Palau
89.5%
Nauru
88.3%
Hint Answer % Correct
Tonga
87.9%
Solomon Islands
87.3%
Papua New Guinea
83.6%
Marshall Islands
77.1%
Micronesia
68.7%
Samoa
55.1%
New Caledonia
53.1%

You're not logged in!

Compare scores with friends on all Sporcle quizzes.
OR
Log In

Show Comments

Extras

Top Quizzes Today


Score Distribution

Your Account Isn't Verified!

In order to create a playlist on Sporcle, you need to verify the email address you used during registration. Go to your Sporcle Settings to finish the process.

Report this User

Report this user for behavior that violates our Community Guidelines.

Details: